Science Quiz

Random Science or Astronomy Quiz

Astronomy: A-Z II Quiz Stats

 Plays Quiz Updated Feb 25, 2020

Support Sporcle.
Go Orange.
Score 0/26 Timer 05:00
0 Plays Today
Letter Answer % Correct
AApollo 13
86.7%
GGalileo Galilei
75.5%
MMeteorite
74.6%
FFlare
65.4%
UUrsa Minor
65.4%
LLeo
64.8%
KJohannes Kepler
59.1%
XX-Ray
57.8%
QQuasar
54.2%
EEndeavour
53.6%
ZZenith
49.5%
SSombrero Galaxy
46.3%
NNova
43%
Letter Answer % Correct
JJovian Planet
35.9%
VVega
30.8%
PPtolemy
29.8%
IIrregular Galaxy
28.8%
OOberon
24.1%
DDouble Star
20.8%
YYellow Dwarf
20%
WWhirlpool Galaxy
16.5%
HHaumea
15.8%
CCassini Division
15.2%
TTrojan Asteroids
9%
RRed Rectangle Nebula
7%
BBoomerang or Bow Tie Nebula
5.8%

You're not logged in!

Compare scores with friends on all Sporcle quizzes.
OR
Log In

From the Vault

'Ain't' Song Titles

by JoeBeta

So these... aren't song titles? Say it ain't so.
Remove Ads.
Support Sporcle.
Get the best of Sporcle when you Go Orange. This ad-free experience offers more features, more stats, and more fun while also helping to support Sporcle. Thank you for becoming a member.

Show Comments

Extras

Top Quizzes Today


Score Distribution

Your Account Isn't Verified!

In order to create a playlist on Sporcle, you need to verify the email address you used during registration. Go to your Sporcle Settings to finish the process.

Report this User

Report this user for behavior that violates our Community Guidelines.

Details: